[Event "Turnier 40 / 120"]
[Site "Wien"]
[Date "2021.11.18"]
[Round "10"]
[White "Mephisto Berlin 68000 - 12 MHZ"]
[Black "Novag Diamond H8 - 26,6 MHZ"]
[Result "1/2-1/2"]
[BlackElo "2113"]
[WhiteElo "2139"]

1. e4 e5 2. Nf3 Nc6 3. Bb5 a6 4. Bxc6 dxc6 5. O-O Qd6 6. d4 exd4 7. Nxd4
Bd7 8. Be3 {Buchende} O-O-O 9. Nc3 {Buchbewertung Mephisto Berlin: 0,00}
Nh6 {Buchende} 10. h3 {Buchzug / Buchende} Qg6 {Buchbewertung Novag
Diamond: 0,00 / lt. Stockfish steht Schwarz etwas besser mit ca. +0,50} 11.
Qf3 {2. Buchbewertung Mephisto Berlin: +0,12} Bd6 12. a4 Ng4 13. Bf4 Ne5
14. Qg3 Qxg3 15. Bxg3 Rhe8 16. Rfd1 f6 17. Nb3 Kb8 18. a5 Bb4 19. Ra4 Bxc3
20. bxc3 c5 21. Raa1 c4 22. Nc5 Bc6 23. Rd4 Kc8 24. Rad1 Nd7 25. Nxd7 Rxd7
26. f3 Red8 {die Stellung ist sehr Remisverdächtig.} 27. Rxd7 Rxd7 28. Rd4
Bb5 29. e5 fxe5 30. Bxe5 g6 31. Kf2 c5 32. Re4 Rd2+ 33. Re2 Rxe2+ 34. Kxe2
Kd7 35. h4 Ke6 {in dieser Endpostion sind alle Bauern blockiert und bei
ungleichen Läufern gibt das nichts mehr her: Userentscheid: Remis
(Stockfish 0,00).} 1/2-1/2
[/pgn]
[pgn]

[Event "Turnier 40 / 120"]
[Site "Wien"]
[Date "2021.11.18"]
[Round "11"]
[White "Novag Diamond H8 - 26,6 MHZ"]
[Black "Mephisto Berlin 68000 - 12 MHZ"]
[Result "1/2-1/2"]
[BlackElo "2139"]
[WhiteElo "2113"]

1. c4 c6 2. e4 d5 3. exd5 cxd5 4. d4 Nf6 5. Nc3 e6 6. Nf3 Bb4 7. cxd5 Nxd5
8. Bd2 O-O 9. Bd3 Nc6 10. O-O Be7 11. a3 Bf6 12. Qc2 h6 13. Rad1 Bd7
{Buchende} 14. Nxd5 exd5 15. Qb3 Bg4 16. Bb1 {Buchende} Re8 {lt. Stockfish
ist die Stellung ausgeglichen.} 17. Rde1 Rxe1 18. Rxe1 Bxf3 19. Qxf3 Bxd4
20. Qd3 g6 21. Bxh6 Qf6 22. Re2 Bxb2 23. Qxd5? {ein spielentscheidender
Fehler, der die Partie sofort verliert, nach der Fortsetzung Td8 geht eine
Figur verloren und Weiss kann aufgeben, Stockfish +4,00 für Schwarz, nötig
war h3 mit nur geringem Vorteil für Schwarz, fairerweise muss man jedoch
dazusagen, dass der Firgurengewinn in weiter Ferne war, der hoffnungslos
die Rechenkapazität der Kontrahenten übersteigt.} Bxa3? {der Textzug sieht
natürlich gut aus, Schwarz verfügt damit über 2 verbundene Freibauern, ist
aber um 3 Bauerneinheiten schwächer als Td8, Stockfish +1,00 für Schwarz
mit der Fortsetzung Lg5.} 24. Bg5 Qd4 25. Qb3! {die beste Fortsetzung,
Schwarz steht trotz der beiden verbundenen Freibauern nur knapp besser mit
etwa +0,30, naja die Königsstellung von Schwarz sieht ja auch nicht gerade
stark befestigt aus.} Na5 26. Qd3? {das ist aus meiner Sicht ein ganz
schlechter Zug, der Damentausch vereinfacht natürlich die Stellung für
Schwarz und die 2 geschlossenen Freibauern gewinnen damit deutlich an
Gewicht und werden aller Wahrscheinlichkeit nach die Partie entscheiden, da
wundert mich direkt, dass Stockfish diese Stellung mit aus meiner Sicht
"nur" +0,80 für Schwarz bewertet, deutlich überzeugender ist Dc2 mit
verteilten Chancen.} Bc5? {Mephisto Berlin negiert den Damentausch und gibt
Weiss wieder die Möglichkeit mittels Dc2 die Stellung auszugleichen.} 27.
Qxd4 {der Damentausch hilft nur Schwarz, trotzdem bewertet Stockfish hier
nur mit +0,50 für Schwarz.} Bxd4 28. Re7 Rd8 29. Bc2 {Weiss sollte besser
seine Grundlinienschwäche mittels h4 beseitigen, aber noch ist es nicht
verloren, Stockfish +0,70 für Schwarz.} Rd5 30. Bf4 {wieder war h4 die
deutlich bessere Wahl, die Grundlinie gehört endlich entlastet.} Kf8 31.
Rc7 Bb6 32. Bh6+ Kg8 33. Re7 {deutlich besser ist Tc8+ mit geringem Vorteil
für Schwarz, nach dem Textzug steht Schwarz schon ganz klar besser mit ca.
+1,50 mit der Fortsetzung Sc6.} Bc5 {schwächer als Sc6, Stockfish +0,80 für
Schwarz.} 34. Re8+ Kh7 {Mephisto Berlin +1,57 sieht sich hier schon ganz
klar im Vorteil.} 35. Bf4 {Novag Diamond -0,61 sieht sich noch mit Chancen
/ Stockfish gibt ihm Recht und bewertet mit +0,70 für Schwarz.} f5 {eine
Ungenauigkeit, damit ist die Stellung im Lot, Stockfish 0,00, besser war
Sc4 mit leichtem Vorteil für Schwarz.} 36. Be5 Kh6 37. Kf1 Bf8 38. Bb8 Bd6
39. Bxa7 Nc4 40. h4 b5 41. f3 Bg3 42. Bf2 Bxf2 43. Kxf2 Rd4 44. g3 Kg7 45.
Bb3 Rd2+ 46. Re2 Rxe2+ 47. Kxe2 Na5 {die Partie ist Remis, Stockfish 0,00.}
48. Bd5 Nc4 49. Bxc4 bxc4 50. Kd2 Kh6 51. g4 fxg4 52. fxg4 Kg7 53. Kc3 Kf6
54. Kxc4 Ke5 55. h5 gxh5 56. gxh5 Kf5 57. h6 Kg6 58. Kd3 Kxh6 {Zu wenig
Material} 1/2-1/2
[/pgn]
[pgn]

[Event "Turnier 40 / 120"]
[Site "Wien"]
[Date "2021.11.19"]
[Round "12"]
[White "Mephisto Berlin 68000 - 12 MHZ"]
[Black "Novag Diamond H8 - 26,6 MHZ"]
[Result "0-1"]
[BlackElo "2113"]
[WhiteElo "2139"]

1. Nf3 Nf6 2. d4 d5 3. c4 dxc4 4. e3 Bg4 5. Bxc4 e6 6. h3 Bh5 7. Nc3 Nbd7
{Buchende} 8. g4 Bg6 {Buchbewertung Novag Diamond: -0,26} 9. Nh4 Be4 10.
Nxe4 {Buchende} Nxe4 11. Qc2 {Buchbewertung Mephisto Berlin: -0,03 / lt.
Stockfish steht Schwarz etwas besser mit ca. +0,30 mit der Fortsetzung
Lb4+} Nd6 {etwas schwächer als Lb4+, die Stellung ist im Lot.} 12. Nf3 Nxc4
13. Qxc4 Qf6 14. Ke2 Bd6 15. Qb3 O-O-O 16. Qa4 {deutlich besser ist e4,
nach dem Textzug ist Schwarz klar im Vorteil mit +1,40 mit der Fortsetzung
Dg6} Kb8 {etwas schwächer als Dg6, Schwarz bleibt aber im Vorteil mit ca.
+1,00} 17. e4 Qg6 18. Qc2 Nf6 19. Ke3? {verliert die Partie sofort,
Stockfish +4,50 für Schwarz mit der Fortsetzung c5, nötig war Lg5 mit ca.
+1,00 für Schwarz.} Rhe8 {um 2 Bauerneinheiten schwächer als c5, aber auch
nach dieser Fortsetzung steht Schwarz klar auf Gewinn, Stockfish +2,50.}
20. a4? {Mephisto Berlin -0,21 erkennt hier noch keine Gefahr, der Textzug
verliert wieder gegen c5 mit +5,00 lt. Stockfish, weit mehr Widerstand bot
Td1 mit ca. +2,50 für Schwarz.} c5! {Novag Diamond findet den besten Zug !}
21. Rd1 cxd4+ {Novag Diamond +1,23, erkennt hier klaren Vorteil, noch
stärker war Lc7, aber auch der Textzug ist völlig ausreichend für den
klaren Gewinn, Stockfish +3,80 für Schwarz.} 22. Rxd4 {Mephisto Berlin
sieht auch den Nachteil: -1,21} Rc8 23. Rc4 Rxc4? {um 3,50 Bauerneinheiten
!! schwächer als h5, das bringt den Sieg in Gefahr, Stockfish +1,20 für
Schwarz.} 24. Qxc4 Rc8 25. Qd3 Bc5+ 26. Ke2 Qxe4+ 27. Qxe4 Nxe4 28. Bf4+
Bd6 29. Bxd6+? {deutlich besser ist Le3, Stockfish +2,20 für Schwarz.} Nxd6
30. Rd1 {auch nicht ideal, mehr Widerstand bot Kd3, Stockfish +3,00 für
Schwarz mit der Fortsetzung Tc2+.} Rc2+ 31. Rd2 Rxd2+ 32. Nxd2 {trotz nur
einem Mehrbauern bewertet Stockfish hier schon mit +3,20 für Schwarz, ob es
jedoch der Diamond zum Sieg führen kann bleibt abzuwarten.} Kc7 33. Kd3 e5!
{die beste Fortsetzung !, Stockfish +3,50 für Schwarz.} 34. b4 Kc6 35. Ke2?
{was soll der Rückzug des Königs bringen ? ein strategisch ganz schwacher
Zug, mehr Widerstand bietet noch Sb1, hilft aber auch nicht mehr, nach dem
Textzug bewertet Stockfish bereits mit +5,50 für Schwarz.} b5 36. a5 Kd5
37. Kd3 {Mephisto Berlin -0,78, ist hier viel zu optimistisch.} e4+ {Novag
Diamond +1,50 / Stockfish +7,00 für Schwarz.} 38. Kc3 g6 {stärker ist f5,
aber auch der Textzug ist völlig ausreichend.} 39. Nb3 f5 40. gxf5 gxf5 41.
Nd4 {Mephisto Berlin sieht noch keinen klaren Verlust nur -1,18 / Stockfish
-8,50.} f4 {Novag Diamond sieht klaren Vorteil: +2,11} 42. Ne2 f3 43. Nf4+
{Mephisto Berlin sieht es nun ein: -3,03} Ke5 44. Nh5 {Stockfish Matt in
17} e3 45. Ng3 exf2 46. Nf1 Ke4 47. Kd2 Nc4+ 48. Kc3 Ne3 49. Nd2+ Kf4 50.
Kd4 f1=Q 51. Nxf1 Nxf1 {Rest geschenkt.} 0-1
[/pgn]
[pgn]

[Event "Turnier 40 / 120"]
[Site "Wien"]
[Date "2021.11.20"]
[Round "13"]
[White "Novag Diamond H8 - 26,6 MHZ"]
[Black "Mephisto Berlin 68000 - 12 MHZ"]
[Result "1-0"]
[BlackElo "2139"]
[WhiteElo "2113"]

1. d4 Nf6 2. c4 g6 3. Nc3 Bg7 4. e4 d6 5. f4 O-O 6. Nf3 c5 7. d5 e6
{Buchende} 8. dxe6 Bxe6 {Buchbewertung Mephisto Berlin: +0,18} 9. Bd3 Nc6
10. f5 Bd7 11. O-O {Buchende} Qb6 12. Bf4 {Buchbewertung Novag Diamond:
+0,34 / lt. Stockfish ist die Stellung exakt ausgeglichen, 0,00} Na5? {ein
ganz grober Fehler, der eigentlich die Partie schon verliert, Stockfish
+3,50 für Weiss mit der Fortsetzung Dd2, nötig war Dxb2 und die Stellung
ist im Lot.} 13. Qd2! {die richtige Fortsetzung, Novag Diamond: +0,53 sieht
aber hier natürlich noch keinen klaren Gewinn, die Gewinnvariante ist aber
auch viel zu tief versteckt ist hier undurchschaubar für einen Oldie, aber
schwächere Engines wie z.B. Rybka 2.3. erkennen auch im 16. HZ erst einen
Vorteil von +0,60 für Weiss.} Rae8 {besser ist Tfe8, Stockfish +4,00 für
Weiss mit der Fortsetzung b3.} 14. b3! {Novag Diamond findet wieder den
besten Zug !, Stockfish +4,30 für Weiss.} gxf5 15. Bh6! {Der Diamond vermag
wahrlich zu begeistern, wieder spielt er den richtigen Zug und hier erkennt
er sogar schon den ganz klaren Vorteil mit +1,65 !! / Stockfish +5,50 für
Weiss.} Bxh6 {Mephisto Berlin -0,84, sieht noch nicht die ganz grosse
Gefahr.} 16. Qxh6 Ng4 17. Qg5+ Kh8 18. exf5 Rg8 19. Qh4! {wieder der
richtige Zug, der Novag Diamond spielt wie aus einem Guss.} f6 20. Rfe1
{deutlich besser ist h3 nebst Dxf6+, aber auch nach dem Textzug bleibt
Weiss ganz klar im Vorteil mit +3,30 lt. Stockfish.} Qd8 21. Nd5 {Novag
Diamond +1,92, sieht sich hier schon deutlich im Vorteil.} Rxe1+ {Mephisto
Berlin -0,87 / Stockfish -4,00} 22. Rxe1 Nc6 23. Be4 Rg7 24. Kh1 Ne7 25. h3
Nxd5 {Mephisto Berlin sieht sich hier nur knapp im Nachteil: -0,90} 26.
Bxd5 {Novag Diamond +2,19 sieht klaren Vorteil / Stockfish +3,30.} Ne5 27.
Nxe5 dxe5 28. Rxe5 Rg5 29. Re1 Bxf5 30. Bxb7 {stärker ist Df2, aber auch
nach dem Textzug steht Weiss klar auf Gewinn, Stockfish +3,00} Qd6 31. Re8+
Rg8 32. Rxg8+ {deutlich schwächer als Te1 (das hätte aber ein Oldie niemals
gespielt in dieser Situation, denn es wäre eine Stellungswiederholung und
somit Bewertung 0,00, Stockfish hätte es natürlich als Fehlerkorrektur
gesehen), nach dem Textzug ist Weiss noch mit ca. +1,70 im Vorteil lt.
Stockfish.} Kxg8 33. Qh5 Bg6 34. Qd5+? {mit diesem Zug verspielt der
Diamond leider den gesamten Vorteil, in dieser bis zu diesem Zeitpunkt
wirklich starken Partie, Stockfish 0,00, nach Dh6 wäre Weiss noch klar im
Vorteil.} Qxd5 35. Bxd5+ Kg7 36. g3 {hier ist das Remis schon absehbar,
nach Lb1, a3, a5, Kg2, Lc2 geht der Bauer b3 verloren.} a5 37. Bc6 Bb1 38.
a3 {auch diese Fortsetzung führt zum Remis, Stockfish 0,00} Bc2 {Mephisto
Berlin -0,66 sieht sich nur noch knapp im Nachteil.} 39. Ba4 {Novag Diamond
+1,65 sieht sich noch klar im Vorteil / Stockfish 0,00} h6 40. Kg2 Kg6 41.
Kf3 Kf5 42. Ke2 Kg5 43. Kf2 Be4 44. Bd7 f5 45. Bb5 Bc2 46. Ba4 h5 47. h4+
Kg4 48. Bc6 Bxb3 49. Kg2 Bd1 50. Bb7 Be2 51. Bd5 Bd1 52. Bc6 Be2 53. Ba4
Bf3+ 54. Kf2 Be4 55. Bd1+ Kh3 56. Bxh5 f4 {trotz des neurlichen
Bauerngewinnes für Weiss ist die Stellung praktisch Remis, Stockfish +0,13
für Weiss.} 57. gxf4 Kxh4 58. Ke3 Bf5 59. Bf3 Kg3 60. Bd5 Kg4 61. Bf7 Kg3
62. Be8 Kg4 63. Bb5 Kg3 64. Bc6 Be6? {ein fataler Fehler, der die Partie
sofort verliert, Stockfish +7,30 für Weiss mit der Fortsetzung Ke4, nötig
war Kg4 und es bleibt Remis.} 65. Ke4! {Novag Diamond +1,80 ergreift die
Chance !} Bxc4 {Mephisto Berlin -0,45 sieht die weitreichenden Probleme
noch nicht, Stockfish +12,00 für Weiss mit der Fortsetzung f5.} 66. f5
{Novag Diamond +1,30} Kg4 67. Be8 Kg5 68. Ke5 Kh6 69. f6 Kh7 70. Kd6 Kg8
71. Ke7 Bd5 72. f7+ Bxf7 73. Bxf7+ {Rest geschenkt, Weiss hat den
"richtigen Läufer" für das Einzugsfeld des A-Bauern.} 1-0
[/pgn]
[pgn]

[Event "Turnier 40 / 120"]
[Site "Wien"]
[Date "2021.11.21"]
[Round "14"]
[White "Mephisto Berlin 68000 - 12 MHZ"]
[Black "Novag Diamond H8 - 26,6 MHZ"]
[Result "1-0"]
[BlackElo "2113"]
[WhiteElo "2139"]

1. d4 g6 2. e4 Bg7 3. Nf3 d6 4. Nc3 Bg4 {Buchende} 5. Be2 {Buchende} Nc6
{Buchbewertung Novag Diamond: -0,07} 6. Be3 {Buchbewertung Mephisto Berlin:
+0,63 / lt. Stockfish steht Weiss besser mit ca. +0,70} e5 {besser ist Sf6,
Stockfish +1,00 für Weiss mit der Fortsetzung dxe5.} 7. dxe5 dxe5 8. O-O
{deutlich besser ist Dxd8, Stockfish +0,50 für Weiss.} Nge7 9. Nb5 Qc8 10.
h3 Bxf3 11. Bxf3 O-O 12. Bg4 f5 13. exf5 gxf5 {die Stellung ist im Lot.}
14. Be2 Rd8 {besser ist Kh8} 15. Bc4+ Kh8 16. Qh5 e4 {deutlich besser ist
a6, nach dem Textzug ist Weiss schon klar im Vorteil mit +1,50 mit der
Fortsetzung Tad1} 17. Bg5 {deutlich schwächer als Tad1, Stockfish +0,60 für
Weiss.} a6 18. Nc3 b5? {ein ganz schwacher Zug, der die Partie praktisch
schon verliert, Stockfish +3,00 für Weiss mit der Fortsetzung Lf7, nach Tf8
könnte Schwarz noch kämpfen.} 19. Bb3 {deutlich schwächer als Lf7,
Stockfish +1,20 für Weiss} b4 {klar den Vorzug verdiente wieder Tf8} 20.
Na4 Qd7? {mit dieser Stellung ist der Novag Diamond klar überfordert, nach
diesem nächsten ganz schlechten Zug, ist die Partie lt. Analyse von
Stockfish endgültig verloren, +7,00 für Weiss mit der Fortsetzung Sc5.} 21.
Rad1 {schwächer als Sc5, sollte aber klar zum Sieg reichen, Stockfish +4,70
für Weiss.} Qe8 22. Qxe8+? {um ganze 3 Bauerneinheiten !! schwächer als
Lf7, Stockfish +2,00 für Weiss.} Rxe8 23. Rd7 h6 24. Bf4 Ng6 25. Bxc7 Nge5?
{ganz schwach, deutlich mehr Widerstand bot Ta7, Stockfish +3,80 für Weiss
mit der Fortsetzung Td6.} 26. Rd6 Ra7 27. Bb6 Rd7 28. Rfd1 Rxd6 29. Rxd6 a5
30. h4 Rc8 31. h5 Re8 32. Bd5 Rc8 33. c4 bxc3 34. bxc3 Bf8 35. Re6 Bg7
{diese Stellung ist längst hoffnungslos für Schwarz, Stockfish +6,00 für
Weiss.} 36. Be3 Kh7 37. Nb6 Rc7 38. Bf4 a4 39. a3 e3 40. fxe3 Re7 41. Bxe5
Rxe6 42. Bxg7 Rxe3 43. Bf6 Ne5 44. Nxa4 {deutlich besser ist Lxe5} Ng4 45.
Bh4 Re2 46. Bf7? {um 4 Bauerneinheiten !! schwächer als Lg3, Stockfish
+2,50 für Weiss mit der Fortsetzung Tc2.} Rc2 47. g3? {Mephisto Berlin
+3,03, beginnt hier im Endspiel plötzlich zu schwächeln, nach dem Textzug
ist Weiss nur noch mit +0,60 im Vorteil, nötig war Le1.} Rd2? {doch der
Novag Diamond lässt die Chance aus, nötig war Tc1+, nach dem Textzug ist
die Partie praktisch wieder verloren, Stockfish +3,70 für Weiss mit der
Fortsetzung Lb3.} 48. Bb3 Ne5 49. Kf1 Nf3 50. Bd1 Rxd1+ 51. Ke2 Nxh4 {mehr
Widerstand bot noch Ta1, ist aber auch schon hoffnungslos verloren, nach
dem Textzug: Userentscheid: 1-0} 1-0
[/pgn]
[pgn]

[Event "Turnier 40 / 120"]
[Site "Wien"]
[Date "2021.11.23"]
[Round "15"]
[White "Novag Diamond H8 - 26,6 MHZ"]
[Black "Mephisto Berlin 68000 - 12 MHZ"]
[Result "1/2-1/2"]
[BlackElo "2139"]
[WhiteElo "2113"]

1. e4 c5 2. Nf3 d6 3. d4 cxd4 4. Nxd4 Nf6 5. Nc3 a6 6. Bg5 e6 7. f4 Qb6 8.
Qd2 Qxb2 9. Rb1 Qa3 10. Bxf6 gxf6 11. Be2 Nc6 12. Nxc6 bxc6 13. O-O Qa5 14.
Kh1 Be7 15. f5 h5 16. Bf3 {Buchende} Kf8 {Buchende} 17. fxe6 {Buchbewertung
Novag Diamond: -0,03} fxe6 {Buchbewertung Mephisto Berlin: +0,12, lt.
Stockfish ist bereits der 1. Zug nach Buchende ein grober Fehler, er
bewertet hier die Fortsetzung e5 bereits mit +1,50 für Weiss, nach Lxe6
wäre Schwarz klar besser gestanden mit ca. +1,00 (der Textzug ist somit
gleich um 2,50 Bauerneinheiten !! schlechter, ein Fehlstart für den
Favoriten in dieser Partie.)} 18. e5 Qxe5 19. Rfe1? {das ist leider der
falsche Turm, der Textzug ist eine Katastrophe für Weiss und kehrt die
Vorzeichen um, er ist um ganze 3 Bauerneinheiten !! schlechter als Tbe1 und
bringt Schwarz nun in klaren Vorteil, Stockfish +1,30.} Qg5 {besser ist
Da5, Stockfish +0,50 für Schwarz mit der Fortsetzung De2.} 20. Qxg5? {der
nächste Fehlgriff, der Damentausch hilft natürlich nur Schwarz, damit ist
die schwache Königsstellung kein Thema mehr, und Schwarz gewinnt, Stockfish
+1,30.} fxg5 21. Na4! {noch das Beste, klar besser als Lxc6 aber Novag
Diamond hat es bereits eingesehen, Bewertung: -1,46.} Kf7 {Mephisto Berlin
+1,06} 22. Nb6 Rb8 23. Bxc6 Bf6 {besser ist a5, Schwarz bleibt aber im
Vorteil mit ca. +1,00} 24. Rb3 Bb7 {etwas besser ist g4, nach dem Textzug
ist Schwarz nur noch knapp im Vorteil mit ca. +0,30.} 25. Nd7 Bxc6 26. Nxb8
Bd5 27. Rb6? {ein ganz schwacher Zug, der die Partie bereits verliert,
Stockfish +3,00 für Schwarz mit der Fortsetzung Tc8, nötig war c4 mit nur
geringem Vorteil für Schwarz.} Rc8 28. c4 Bxc4? {aber auch der Mephisto
Berlin hat hier nicht die nötige Übersicht, eindeutig die falsche
Schlagoption, der Textzug ist um 2,50 Bauerneinheiten schwächer als Txc4
und Schwarz verbleibt nur noch mit geringem Vorteil von +0,50.} 29. Nxa6
{besser ist Sd7} Bc3 30. Rd1? {ganz schwach, nach dem Textzug ist die
Partie praktisch verloren, Stockfish +2,00 für Schwarz mit der Fortsetzung
d5, nötig war Tc1 mit nur sehr geringem Vorteil für Schwarz (Schwarz
verfügt über das starke Läuferpaar und 2 geschlossene Freibauern, da ist
nichts mehr drinnen für Weiss).} d5 31. a4? {nochmal deutlich schwächer als
Sb4, Stockfish +3,50 für Schwarz mit der Fortsetzung d4.} Ba5 {deutlich
schwächer als d4, allerdings verbleibt Schwarz mit +2,00 noch mit klarem
Vorteil.} 32. Rb7+ Kg6 33. Nb4 Be2 34. Rb1 Rc4? {um 2 Bauerneinheiten
schwächer als d4, Stockfish nur noch +0,20 für Schwarz.} 35. Kg1 {deutlich
besser ist h3, nach dem Textzug ist Schwarz wieder ganz klar im Vorteil mit
+1,50 mit der Fortsetzung Lg4} Bg4 36. Rb5 Bf5 37. Rb3 Bc7 38. h3?
{deutlich besser ist g3, Stockfish +3,00 für Schwarz mit der Fortsetzung
h4} Be4? {verspielt nahezu den gesamten Vorteil, Stockfish nur noch +0,50
für Schwarz mit der Fortsetzung g4.} 39. a5? {diese Stellung überfordert
eindeutig die Kapazitäten beider Geräte, praktisch ist hier jeder einzelne
Zug schlecht, nach dem Textzug gewinnt Schwarz wieder mit h4, Stockfish
+3,00 für Schwarz.} h4! {diesmal ergreift der Mephisto Berlin die Chance}
40. Kf2 Be5? {verspielt den gesamten Vorteil, Stockfish 0,00 mit der
Fortsetzung Ke2, gewonnen hätte d4 mit +3,00 für Schwarz.} 41. a6
{gleichwertig mit Ke2, Stockfish 0,00.} Bd4+ 42. Ke2 Bxg2 43. Rb7?
{verliert die Partie Stockfish +2,50 für Schwarz mit der Fortsetzung g4,
nötig war Tb8 und die Stellung wäre im Lot.} Rc8 {aber der Mephisto Berlin
macht es nicht besser, nach dem Textzug ist die Partie wieder Remis,
Stockfish 0,00.} 44. a7 Ra8? {und nun verliert gar noch Schwarz, Stockfish
+2,00 für Weiss mit der Fortsetzung Sc6, nötig war Tf8 und die Partie ist
Remis.} 45. Nc6 Bg1 46. Re7? {verschenkt den Sieg, nötig war Td7 und Weiss
gewinnt, nach dem Textzug ist praktisch der ganze Vorteil wieder dahin,
Stockfish +0,12 für Weiss mit der Fortsetzung d4.} d4 47. Rbb7 Be3?
{verliert gegen die Fortsetzung Tbd7 mit +1,36 für Weiss, nötig war Lxc6
mit Ausgleich.} 48. Rxe6+? {diesmal macht es der Diamond nicht besser, die
Stellung ist wieder Remis.} Kf5 49. Rd6 Kf4! {der richtige Zug, die
Stellung ist Remis.} 50. Rf7+ Kg3 51. Nxd4 Bxd4 52. Rxd4 Kxh3 53. Rg7 Bc6?
{verliert die Partie gegen die Fortsetzung Td3+, Stockfish +3,00 für Weiss,
nötig war Te8+ mit Ausgleich.} 54. Rxg5? {verschenkt den Sieg und besiegelt
das Remis, nach dem Textzug ist kein Gewinn mehr möglich.} Rxa7 {der letzte
weisse Bauer fällt, Userentscheid: Remis.} 1/2-1/2
[/pgn]
[pgn]